[Event "Pardubice Czech op-B 30th"]
[Site "Pardubice"]
[Date "2019.07.19"]
[Round "1"]
[White "Shevchenko, Danylo"]
[Black "Verny, David"]
[Result "1/2-1/2"]
[WhiteElo "2154"]
[BlackElo "1874"]
[PlyCount "85"]
[EventDate "2019.07.19"]
[EventType "swiss"]
[EventRounds "9"]
[EventCountry "CZE"]
[SourceTitle "EXT 2020"]
[Source "ChessBase"]
[SourceDate "2019.10.17"]
[SourceVersion "1"]
[SourceVersionDate "2019.10.17"]
[SourceQuality "1"]

1. e4 e5 2. Nc3 Nf6 3. g3 Bc5 4. Bg2 Nc6 5. h3 a6 6. Nge2 d6 7. 0-0 0-0 8. d3 Be6 9. Nd5 Nd4 10. Nxd4 Bxd4 11. c3 Ba7 12. Bg5 Bxd5 13. exd5 h6 14. Be3 Bxe3 15. fxe3 Nh7 16. Qh5 Qg5 17. Qxg5 Nxg5 18. b4 g6 19. c4 a5 20. a3 axb4 21. axb4 Kg7 22. c5 f5 23. Rfc1 Rxa1 24. Rxa1 dxc5 25. bxc5 Nf7 26. Ra7 Rb8 27. Kf2 Kf6 28. Ke2 Ke7 29. d6+ cxd6 30. Bxb7 Kd8 31. Bd5 Ng5 32. h4 Rb2+ 33. Kd1 Nh3 34. c6 Nf2+ 35. Ke1 Nxd3+ 36. Kf1 Rc2 37. Rg7 Nb4 38. Rxg6 Nxd5 39. Rxd6+ Ke7 40. Rxd5 Ke6 41. Rd8 Rxc6 42. Ke2 Rc2+ 43. Rd2 1/2-1/2